| 000 | 00364nam a2200145Ia 4500 | ||
|---|---|---|---|
| 008 | 230711s9999||||xx |||||||||||||| ||und|| | ||
| 041 | _aENG | ||
| 082 |
_a624 _bLI-T |
||
| 100 | _aLiposmeier Geory | ||
| 245 | 0 | _aTropenbau buildings in the tropics | |
| 250 | _a3rd Ed. | ||
| 260 |
_c1969 _aNew York _bVan Nostrand Reinhold Co. |
||
| 650 | _aArchitecture | ||
| 942 | _cBK | ||
| 999 |
_c315 _d315 |
||